000 00177 a2200097 4500
001 24890
100 _aSearle, C.L
245 _a
260 _a
_b
_c1959
090 _c16838
_d16838
942 _aNUST-CAE
_cM
_c7600
999 _c259963
_d259963